Statistics for Crayola No. 64 SVG Pack

Click here to take the quiz!

General Stats

  • This quiz has been taken 23 times
    (18 since last reset)
  • The average score is 8 of 64

Answer Stats

Answer % Correct
Red
54%
Orange
31%
Black
31%
White
31%
Gray
23%
Brick Red
23%
Copper
23%
Silver
23%
Gold
23%
Yellow
23%
Green
23%
Mahogany
15%
Yellow-Green
15%
Midnight Blue
15%
Brown
15%
Pine Green
15%
Apricot
15%
Mulberry
15%
Green-Blue
15%
Red-Orange
15%
Blue-Gray
15%
Red-Violet
8%
Lavender
8%
Carnation Pink
8%
Thistle
8%
Violet-Red
8%
Orange-Red
8%
Sepia
8%
Salmon
8%
Melon
8%
Burnt Sienna
8%
Plum
8%
Raw Sienna
8%
Tan
8%
Peach
8%
Raw Umber
8%
Orchid
8%
Violet-Blue
8%
Brilliant Rose
8%
Forest Green
8%
Burnt Orange
8%
Indian Red
8%
Yellow-Orange
8%
Maize
8%
Orange-Yellow
8%
Goldenrod
8%
Green-Yellow
8%
Spring Green
8%
Olive Green
8%
Lemon Yellow
8%
Sea Green
8%
Violet
8%
Light Blue
8%
Aquamarine
8%
Sky Blue
8%
Blue-Green
8%
Cornflower
8%
Navy Blue
8%
Blue
8%
Maroon
8%
Periwinkle
8%
Bittersweet
8%
Blue-Violet
8%
Cadet Blue
8%

Score Distribution

Percentile by Number Answered

Percent of People with Each Score

Your Score History

You have not taken this quiz since the last reset